000 01145cam a2200277 a 4500
003 EG-GiCUC
005 20250223032232.0
008 190326s1997 ua o f m 000 0 eng d
040 _aEG-GiCUC
_beng
_cEG-GiCUC
041 0 _aeng
049 _aDeposite
097 _aM.Sc
099 _aCai01.09.11.M.Sc.1997.Ga.I
100 0 _aGamal Mohamed Motamed Aly
245 1 0 _aIncidence of myofascial pain dysfunction syndrome [M.P.D.] amongst dental students /
_cGamal Mohamed Motamed Aly ; Supervised Tarek Abbas Hassan , Moustafa Kamal Ezz
246 1 5 _aمعدل حدوث متلازمة الخلل الوظيفى و الألأم لعضلات الوجه بين طلبة طب الأسنان
260 _aCairo :
_bGamal Mohamed Motamed Aly ,
_c1997
300 _a108 Leaves :
_bphotographs ;
_c30cm
502 _aThesis (M.Sc.) - Cairo University - Faculty of Oral and Dental Medicine - Department of Oral Surgery
700 0 _aMoustafa Kamal Ezz ,
_eSupervisor
700 0 _aTarek Abbas Hassan ,
_eSupervisor
856 _uhttp://172.23.153.220/th.pdf
905 _aNazla
_eRevisor
905 _aSamia
_eCataloger
942 _2ddc
_cTH
999 _c71051
_d71051